<?xml version="1.0" encoding="UTF-8"?>
<collection xmlns="http://www.loc.gov/MARC21/slim">
  <record>
    <leader>00000nam  2200000   4500</leader>
    <controlfield tag="001">INLIS000000000010431</controlfield>
    <controlfield tag="005">20210426115327</controlfield>
    <datafield tag="035" ind1="#" ind2="#">
      <subfield code="a">0010-0421000312</subfield>
    </datafield>
    <controlfield tag="007">ta</controlfield>
    <controlfield tag="008">210426###########################0######</controlfield>
    <datafield tag="082" ind1="#" ind2="#">
      <subfield code="a">2</subfield>
    </datafield>
    <datafield tag="084" ind1="#" ind2="#">
      <subfield code="a">2 SRI (</subfield>
    </datafield>
    <datafield tag="100" ind1=" " ind2="#">
      <subfield code="a">Sri Wahyuni Muhsin</subfield>
    </datafield>
    <datafield tag="245" ind1="1" ind2="#">
      <subfield code="a">(Opsi Praktik Gizi FKM UTU) Optimalisasi dan Strategi Peningkatan Mutu Praktikum pada Program Studi Gizi FKM UTU /</subfield>
      <subfield code="c">Universitas Teuku Umar</subfield>
    </datafield>
    <datafield tag="260" ind1="#" ind2="#">
      <subfield code="a">Aceh :</subfield>
      <subfield code="b">Puslatbang KHAN LAN,</subfield>
      <subfield code="c">2020</subfield>
    </datafield>
    <datafield tag="500" ind1="#" ind2="#">
      <subfield code="a">Coach: Dra. Arfah Salwah, M.Si</subfield>
    </datafield>
  </record>
</collection>
